|
|
|
|
| LEADER |
00000nam a2200000 a 4500 |
| 001 |
vtls008961747 |
| 003 |
SK-MaSNL |
| 005 |
20260301210212.0 |
| 008 |
251124s2006 xo oal g 000 0 slo |
| 015 |
|
|
|a SNBA2007/05-01829
|
| 020 |
|
|
|a 8080697965 (brož.)
|
| 035 |
|
|
|a B07BACF6-3448-4A4C-BE7F-E619A7973B0D
|
| 035 |
|
|
|a urn:nbn:sk:snk-amkqc0
|
| 035 |
|
|
|a urn:nbn:sk:snk-am005e5d
|
| 040 |
|
|
|a SNK
|b slo
|c SNK
|e AACR2
|
| 041 |
0 |
|
|a slo
|
| 044 |
|
|
|a xo
|c SK
|
| 072 |
|
7 |
|a 58
|x Botanika
|2 konspekt
|
| 072 |
|
7 |
|a 575
|x Všeobecná genetika. Všeobecná cytogenetika. Evolúcia
|2 konspekt
|
| 080 |
|
|
|a 575.113
|2 2001
|
| 080 |
|
|
|a 582
|2 2001
|
| 080 |
|
|
|a 502.172:582
|2 2001
|
| 080 |
|
|
|a 575.113:582
|2 2001
|
| 080 |
|
|
|a (075.8)
|2 2001
|
| 100 |
1 |
|
|a Brindza, Jan,
|d 1949-
|4 aut
|9 190637
|
| 245 |
1 |
0 |
|a Ochrana genofondu rastlín
|b učebné texty pre všetky formy vzdelávania
|c Ján Brindza
|
| 250 |
|
|
|a 2. nezm. vyd.
|
| 260 |
|
|
|a Nitra
|b Slovenská poľnohospodárska univerzita
|c 2006
|
| 300 |
|
|
|a 140 s.
|b fotogr., ilustr., tab.
|c 29 cm
|
| 366 |
|
|
|e 200 výtl.
|
| 490 |
1 |
|
|a Ochrana biodiverzity
|v 7
|
| 650 |
0 |
7 |
|a genofondy
|2 SNKPH
|9 1660
|
| 650 |
0 |
7 |
|a rastliny
|2 SNKPH
|9 690
|
| 650 |
0 |
7 |
|a ochrana rastlín
|2 SNKPH
|9 3636
|
| 650 |
0 |
7 |
|a genetické zdroje
|2 SNKPH
|9 70342
|
| 655 |
|
7 |
|a učebnice vysokých škôl
|2 SNKPH
|9 70191
|
| 810 |
2 |
|
|a Slovenská poľnohospodárska univerzita v Nitre
|t Ochrana biodiverzity
|9 198196
|
| 919 |
|
|
|a 80-8069-796-5
|
| 968 |
|
|
|d 56/59
|
| 999 |
|
|
|c 912856
|d 914786
|
| 952 |
|
|
|a SNK
|b SNK
|y PREZ
|7 0
|p 17A0547160
|o snkSB 74182
|i snk2007/9455
|8 0
|0 0
|1 0
|4 0
|d 2007-04-04
|f 1
|l 0
|r 2025-04-24 00:00:00
|w 2026-02-24
|
| 952 |
|
|
|a SNK
|b SNK
|y VYP
|7 0
|p 17A0547161
|o snkSB 74182 D1
|i snk2007/9456
|8 0
|0 0
|1 0
|4 0
|d 2007-04-04
|l 0
|r 2016-06-30 00:00:00
|w 2026-02-24
|